| 000 | 004890000a22001810004500 | ||
|---|---|---|---|
| 003 | MACL | ||
| 005 | 20160210160748.0 | ||
| 008 | 160210b xxu||||| |||| 00| 0 eng d | ||
| 040 |
_aMACL _cmacl |
||
| 041 | _aHindi | ||
| 082 | _a891.433 | ||
| 100 |
_aमाचवे प्रभाकर _937730 |
||
| 245 | _aकिशोर | ||
| 260 |
_bकृष्णा ब्रदर्स _c1970 _aअजमेर |
||
| 350 | _a4 | ||
| 650 |
_aNovel _937731 |
||
| 942 |
_cHIN _k891.433 _2ddc |
||
| 999 |
_c26300 _d26300 |
||